Statistics for Armenian Interrogative Pronouns

Click here to take the quiz!

General Stats

  • This quiz has been taken 86 times
    (66 since last reset)
  • The average score is 5 of 10

Answer Stats

WordAnswer% Correct
what?inch
84%
why?inchu
68%
who?ov
63%
which?vor
58%
where?vort'egh
47%
when?yerb
47%
how?inchpes
42%
where to?ur
42%
how many? (countable)kani
26%
what kind of?inchp'isi
21%

Score Distribution

Percentile by Number Answered

Percent of People with Each Score

Your Score History

You have not taken this quiz since the last reset